书目信息 |
| 题名: |
专用汽车构造与设计
|
|
| 作者: | 徐达 , 丛锡堂 主编 | |
| 分册: | ||
| 出版信息: | 北京 人民交通出版社 2008.05 |
|
| 页数: | 481页 | |
| 开本: | 26cm | |
| 丛书名: | ||
| 单 册: | ||
| 中图分类: | U46 | |
| 科图分类: | ||
| 主题词: | 汽车--qi che--构造--高等学校--教材 , 汽车--qi che--设计--高等学校--教材 | |
| 电子资源: | ||
| ISBN: | 978-7-114-06802-7 | |
| 000 | 01059nam0 2200277 450 | |
| 001 | 012008625179 | |
| 005 | 20080901181434.71 | |
| 010 | @a978-7-114-06802-7@dCNY59.00 | |
| 100 | @a20080901d2008 em y0chiy0120 ea | |
| 101 | 0 | @achi |
| 102 | @aCN@b110000 | |
| 105 | @aa a 000yy | |
| 106 | @ar | |
| 200 | 1 | @a专用汽车构造与设计@Azhuan yong qi che gou zao yu she ji@f徐达, 丛锡堂主编@Fxu da,cong xi tang zhu bian |
| 210 | @a北京@c人民交通出版社@d2008.05 | |
| 215 | @a481页@c图@d26cm | |
| 300 | @a面向21世纪专用汽车新技术教材 | |
| 320 | @a有书目 (第481页) | |
| 330 | @a本书详述了现代专用汽车各主要车型的构造、原理与设计,共分为12章,内容包括:专用汽车总体设计、自缷汽车、罐式汽车、起重举升汽车、仓栅式汽车、环卫汽车、建筑类专用车、汽车列车、消防车以及特种结构汽车(含警用车)的构造与设计。 | |
| 606 | 0 | @a汽车@Aqi che@x构造@x高等学校@j教材 |
| 606 | 0 | @a汽车@Aqi che@x设计@x高等学校@j教材 |
| 690 | @aU46@v4 | |
| 701 | 0 | @a徐达@Axu da@4主编 |
| 701 | 0 | @a丛锡堂@Acong xi tang@4主编 |
| 801 | 0 | @aCN@bQSSK@c20080901 |
| 905 | @b734307@dU46@eX690@f1 | |
| 专用汽车构造与设计/徐达, 丛锡堂主编.-北京:人民交通出版社,2008.05 |
| 481页:图;26cm |
| 面向21世纪专用汽车新技术教材 |
| ISBN 978-7-114-06802-7:CNY59.00 |
| 本书详述了现代专用汽车各主要车型的构造、原理与设计,共分为12章,内容包括:专用汽车总体设计、自缷汽车、罐式汽车、起重举升汽车、仓栅式汽车、环卫汽车、建筑类专用车、汽车列车、消防车以及特种结构汽车(含警用车)的构造与设计。 |
| ● |
| 相关链接 |
|
|
|
正题名:专用汽车构造与设计
索取号:U46/X690
 
预约/预借
| 序号 | 登录号 | 条形码 | 馆藏地/架位号 | 状态 | 备注 |
| 1 | 734307 | 207343070 | 自科二线504/504自科库 33排2列3层/ [索取号:U46/X690] | 在馆 |